| 000 | 00898nam0a22002291 4500 | ||
|---|---|---|---|
| 001 | rc\2986242 | ||
| 005 | 20250530003444.0 | ||
| 035 | _a(NLR Aleph) 007130722 | ||
| 090 |
_a6956550 _c6956550 |
||
| 100 | _a20071211d1933 |||y0rusy50 ca | ||
| 101 | 0 | _arus | |
| 102 | _aRU | ||
| 105 | _ay z ||||y | ||
| 200 | 1 | _aИнструкция мероприятий по усилению противопожарной охраны в совхозах, колхозах и МТС по Ухоловскому району | |
| 210 |
_a[С. Ухолово] _cБ. и. _d[1933] _gтип. "Моск. печатник" |
||
| 215 |
_a8 с. _d23х15 см |
||
| 710 | 0 | 2 | _aУхоловская районная междуведомственная комиссия по борьбе с пожарами |
| 801 | 0 |
_aRU _bNLR _gpsbo |
|
| 801 | 1 |
_aRU _bELAR _2rusmarc |
|
| 852 |
_aNLR _j33-11/2332 |
||
| 942 | _cBOOK | ||
| 980 | _aNB | ||